00514nam a2200169 i 450000100060000000300090000600500170001500700030003200800410003510000180007624501030009426000480019730000280024570000210027370000240029485200260031833473ES-MaACL20230906154750.0t|030202s1917 gw ||||1| ger d1 aBier, August.10aChirurgische operationslehre / cherausgegeben von August Bier, Heinrich Braun, Hermann Kümmell. aLeipzig : bJohann Ambrosius Barth, c1917. a5 v. : bil. ; c28 cm.1 aBraun, Heinrich.1 aKümmell, Hermann. aES-MaACLjC-18499-503